Top 25 Goalkeepers of All Time? - Statistics

General Stats
  • This quiz has been taken 536 times
  • The average score is 7 of 25
Answer Stats
Rank Answer Professional Career % Correct
3 Manuel Neuer 2004 - Present
91%
2 Gianluigi Buffon 1995-2023
90%
1 Lev Yashin 1950 - 1970
82%
11 Thibaut Courtois 2009 - Present
67%
5 Oliver Kahn 1987 - 2008
64%
7 Peter Schmeichel 1981 - 2003
59%
13 Dida 1992 - 2015
39%
10 Gordon Banks 1958 - 1977
36%
25 Hugo Lloris 2005 - Present
35%
21 Peter Shilton 1980 - 1998
31%
4 Iker Casillas 1998 - 2020
27%
6 Petr Cech 1999 - 2019
16%
8 Edwin van der Sar 1990 - 2016
13%
9 Alisson Becker 2013 - Present
11%
18 Dino Zoff 1961 - 1983
11%
14 David Seaman 1982 - 2004
7%
15 Sepp Maier 1962 - 1980
5%
20 Andoni Zubizarreta 1980 - 1998
4%
23 Michel Preud'homme 1977 - 1999
3%
17 Gilmar 1950 - 1970
2%
16 Neville Southall 1973 - 2002
2%
12 Pat Jennings 1963 - 1986
2%
19 Ricardo Zamora 1916 - 1938
2%
22 Walter Zenga 1977 -1999
2%
24 Rinat Dasayev 1976 - 1990
1%
No matching quizzes found
Score Distribution
Percent of People with Each Score
Percentile by Number Answered
Your Score History
You have not taken this quiz